Giáo trình bồi dưỡng nghiệp vụ thư viện trong trường phổ thông Dùng trong các trường trung học chuyên nghiệp
Sparad:
| Institutionell upphovsman: | |
|---|---|
| Materialtyp: | Bok |
| Språk: | Vietnamese |
| Publicerad: |
Hà Nội
Hà Nội
2007
|
| Ämnen: | |
| Taggar: |
Lägg till en tagg
Inga taggar, Lägg till första taggen!
|
| Thư viện lưu trữ: | Trung tâm Học liệu Lê Vũ Hùng, Trường Đại học Đồng Tháp |
|---|
| LEADER | 00850pam a22002418a 4500 | ||
|---|---|---|---|
| 001 | 00044399 | ||
| 005 | 20190708140737.0 | ||
| 008 | 170830s2017 ||||||viesd | ||
| 020 | # | # | |c 30000 |
| 041 | 0 | # | |a vie |
| 082 | 1 | 4 | |a 027.8 |b GI108TR |
| 110 | 1 | # | |a Sở Giao dục và đào tạo Hà Nội |
| 245 | 1 | 0 | |b Dùng trong các trường trung học chuyên nghiệp |a Giáo trình bồi dưỡng nghiệp vụ thư viện trong trường phổ thông |
| 260 | # | # | |a Hà Nội |c 2007 |b Hà Nội |
| 300 | # | # | |a 165 tr. |c 27 cm. |
| 653 | # | # | |a Bồi dưỡng |
| 653 | # | # | |a Giáo trình |
| 653 | # | # | |a Nghiệp vụ |
| 653 | # | # | |a THPT |
| 653 | # | # | |a Thư viện |
| 852 | # | # | |j KGT.0057194 |j KD.0026016 |
| 910 | # | # | |d 8/7/2019 |
| 980 | # | # | |a Trung tâm Học liệu Lê Vũ Hùng, Trường Đại học Đồng Tháp |